Carol Rama (Record no. 1623)
[ view plain ]
| 000 -LEADER | |
|---|---|
| campo de control de longitud fija | 00712nam a2200145 4500 |
| 008 - DATOS DE LONGITUD FIJA--INFORMACIÓN GENERAL | |
| campo de control de longitud fija | 759.945 R165c |
| 082 ## - NÚMERO DE LA CLASIFICACIÓN DECIMAL DEWEY | |
| Número de clasificación | 759.945 |
| Número de ítem | R165c |
| 100 ## - ENTRADA PRINCIPAL--NOMBRE DE PERSONA | |
| Nombre de persona | Rama, Carol |
| 9 (RLIN) | 6697 |
| 245 ## - MENCIÓN DEL TÍTULO | |
| Título | Carol Rama |
| 260 ## - PUBLICACIÓN, DISTRIBUCIÓN, ETC. | |
| Lugar de publicación, distribución, etc. | Torino |
| Nombre del editor, distribuidor, etc. | Franco Masoero Edizioni d´Arte |
| Fecha de publicación, distribución, etc. | 1999 |
| 300 ## - DESCRIPCIÓN FÍSICA | |
| Extensión | 70 p. |
| Otras características físicas | ill (col) |
| Dimensiones | 28 x 21 |
| 505 ## - NOTA DE CONTENIDO CON FORMATO | |
| Título | Verifica purovisibilistica su Carol Rama |
| Mención de responsabilidad | Dario Trento |
| Título | A purevisibilistic view of Carol Rama |
| Mención de responsabilidad | Dario Trento |
| Título | Le parche / The parcae |
| -- | Venticinque acquaforti / Twenty-five etchings |
| -- | Notizia biografica |
| Mención de responsabilidad | Maria Perosino |
| Título | Biographical note |
| Mención de responsabilidad | Maria Perosino |
| Título | Catalogo delle incisioni / Catalogue of the engravings |
| 600 ## - PUNTO DE ACCESO ADICIONAL DE MATERIA--NOMBRE DE PERSONA | |
| Subdivisión general | Vanguardia |
| -- | arte - exhibiciones |
| -- | arte - pintura |
| -- | Italia |
| 9 (RLIN) | 6698 |
| 700 ## - ENTRADA AGREGADA--NOMBRE PERSONAL | |
| Nombre de persona | Trento, Dario |
| 9 (RLIN) | 6699 |
| Estatus retirado | Estado de pérdida | Fuente del sistema de clasificación o colocación | Estado de daño | No para préstamo | Biblioteca de origen | Biblioteca actual | Ubicación en estantería | Fecha de adquisición | Total de préstamos | Signatura topográfica completa | Código de barras | Visto por última vez | Precio de reemplazo | Tipo de ítem Koha |
|---|---|---|---|---|---|---|---|---|---|---|---|---|---|---|
| Clasificación Decimal Dewey | Biblioteca LadoV | Biblioteca LadoV | 27/09/2018 | 759.945 R165c | 000986 | 27/09/2018 | 27/09/2018 | Material 01 |
